| 000 | 00370nam a2200157Ia 4500 | ||
|---|---|---|---|
| 008 | 230312s9999||||xx |||||||||||||| ||und|| | ||
| 020 | _a9788185790145 | ||
| 082 |
_a612 _bKAS-P |
||
| 100 | _aKasture ,P .V. | ||
| 245 | 0 | _aPharmaceutics | |
| 260 |
_bNirali Publisher _aIndia _c2008 |
||
| 300 | _a1.5 | ||
| 546 | _aEng. | ||
| 650 |
_aPharmacy _vPharmaceutics |
||
| 942 | _cBK | ||
| 999 |
_c4046 _d4046 |
||